Boys of the night : a new collection of erotic tales /

Guardat en:
Dades bibliogràfiques
Autor principal: Patrick, John, (1943-) (Autor)
Format: Llibre
Idioma:anglès
Publicat: Sarasota : STARbooks Press, 1996
Etiquetes: Afegir etiqueta
Sense etiquetes, Sigues el primer a etiquetar aquest registre!

MARC

LEADER 00000nam a22000007i 4500
001 IT\ICCU\UBO\2259605
003 ItRI
005 20260115231837.0
008 030729s1996 xxu|||||| ||||| |||||c
020 |a 1877978825 
040 |b ita  |c importazione bologna sebina 
041 7 |a eng  |2 ISO-639-2 
100 1 |a Patrick, John,  |d  (1943-)  |0 IT\ICCU\UBOV\817361  |4 aut 
245 1 0 |a Boys of the night :  |b a new collection of erotic tales /  |c edited by John Patrick. 
260 |a Sarasota :  |b STARbooks Press,  |c 1996 
300 |a 528 p. :ill. ;  |c 22 cm. 
942 |2 ddc  |c BK  |n 0 
952 |0 0  |1 0  |4 0  |6 DOC_850_935000000000000_PAT  |7 0  |9 14031  |a BO  |b BO  |d 2026-01-15  |i 7584  |l 0  |o DOC 850.935 PAT  |p BO7584  |r 2026-01-15 23:18:37  |w 2026-01-15  |x [Sebina 5] [1 v.]  |y BK  |z 1 v. 
999 |c 12090  |d 12090